Output in the construction industry (Record no. 82204)

MARC details
000 -LEADER
fixed length control field 01135cad a22002175a 4500
001 - CONTROL NUMBER
control field L149537
008 - FIXED-LENGTH DATA ELEMENTS--GENERAL INFORMATION
fixed length control field 100317e20100305xxkd f f000 0 eng d
035 ## - SYSTEM CONTROL NUMBER
System control number (Sirsi) u149537
041 0# - LANGUAGE CODE
Language code of text/sound track or separate title eng
110 2# - MAIN ENTRY--CORPORATE NAME
Corporate name or jurisdiction name as entry element United Kingdom
Subordinate unit Office of National Statistics
9 (RLIN) 2035
245 00 - TITLE STATEMENT
Title Output in the construction industry
Remainder of title fourth quarter 2009
Medium [electronic resource]
260 ## - PUBLICATION, DISTRIBUTION, ETC.
Date of publication, distribution, etc. 2010
490 ## - SERIES STATEMENT
Series statement ONS Statistical Bulletin
Volume/sequential designation (Fourth quarter 2009) 5 March 2010
520 ## - SUMMARY, ETC.
Summary, etc. Provides statistics on the output of the construction industry in Great Britain for the fourth quarter 2009. Reports a 20% fall in private sector construction work during 2009 which is the largest fall in this sector since ONS starting collecting this data in 1955.
590 ## - LOCAL NOTE (RLIN)
Local note KA NTK
650 24 - SUBJECT ADDED ENTRY--TOPICAL TERM
Topical term or geographic name entry element ONS OUTPUT IN THE CONSTRUCTION INDUSTRY
651 #4 - SUBJECT ADDED ENTRY--GEOGRAPHIC NAME
Geographic name Great Britain
Chronological subdivision 1707-
690 ## - LOCAL SUBJECT ADDED ENTRY--TOPICAL TERM (OCLC, RLIN)
Topical term or geographic name as entry element BUILT ENVIRONMENT-CONSTRUCTION MARKET
856 40 - ELECTRONIC LOCATION AND ACCESS
Uniform Resource Identifier <a href="https://www.ons.gov.uk/ons/rel/construction/output-and-employment-in-the-construction-industry/q4-2009/q4-2009-statistical-bulletin.pdf">https://www.ons.gov.uk/ons/rel/construction/output-and-employment-in-the-construction-industry/q4-2009/q4-2009-statistical-bulletin.pdf</a>
Public note View the statistical bulletin free of charge online at www.ons.gov.uk
942 ## - ADDED ENTRY ELEMENTS (KOHA)
Suppress in OPAC 0
Holdings
Withdrawn status Lost status Source of classification or shelving scheme Damaged status Not for loan Home library Current library Shelving location Date acquired Total Checkouts Full call number Barcode Date last seen Copy number Price effective from Koha item type
    Dewey Decimal Classification     Virtual Virtual Statistics 17/03/2010   ONLINE PUBLICATION 149537-2001 06/08/2019 1 06/08/2019 Journal article